10 Largest Chinese Cities on the Beijing-Shanghai High-Speed Railway - Statistics

General Stats
  • This quiz has been taken 30 times
  • The average score is 6 of 10
Answer Stats
Population City % Correct
21.5 M Beijing
100%
41.6 M Shanghai
100%
11.7 M Tianjin
96%
9.5 M Nanjing
93%
6.8 M Jinan
68%
3.2 M Xuzhou
54%
2 M Bengbu
39%
1.3 M Dezhou
21%
1.6 M Taian
18%
1.9 M Zaozhuang
18%
No matching quizzes found
Score Distribution
Percent of People with Each Score
Percentile by Number Answered
Your Score History
You have not taken this quiz